000 00581nam a2200217Ia 4500
008 180523s9999 xx 000 0 und d
020 _a978-981-253338-8
050 _aMAIN HF 5686.H75
050 _b.H67 2009
245 0 _aHospitality financial accounting /
245 0 _cJerry J. Weygandt… [[et al].]
250 _a2nd Edition
260 _aAustralia :
260 _bJohn Wiley & Sons,
260 _c2009
300 _a518 pages :
300 _billustrations ;
300 _c27 cm.
500 _aIncludes index.
650 _aHospitality industry -- Accounting.
999 _c357214
_d357214